00252nam a2200073Ia 4500008004100000082000800041100002200049245010700071240331s9999 xx 000 0 und d bKOT aKottegoda, Sepali 0aAre traditional midwives history :b some insights from three conflict affected districts in Sri Lanka